000 00671nam a2200193 4500
008 201207b ||||| |||| 00| 0 eng d
040 _bger
_cDE-2950
_erda
_aDE-2950
041 _ager
245 _aWohlfahrt und Täterschaft im Nationalsozialistischen Brandenburg /
_cFabian Dietrich
264 _c2024
490 _aDie Mark Brandenburg
_vHeft 134: Gutes tun in Brandenburg
653 _aBrandenburg <Land>
653 _aWohllfahrt
773 _dBerlin: Die Mark Brandenburg - Verlag für Regional- und Zeitgeschichte
_g(2024) Heft 134, S. 40-43 : Abb.
_tDie Mark Brandenburg
942 _cA
999 _c373682
_d373682